[Event "GER-chT Landesliga"]
[Site "Greifswald"]
[Date "2001.07.31"]
[Round "4.6"]
[White "Voelschow, Toni Eleonore"]
[Black "Wiesemann, Karsten"]
[Result "1/2-1/2"]
[WhiteElo "1132"]
[BlackElo "1654"]
[PlyCount "71"]
[EventDate "2001.07.29"]
[EventType "team"]
[EventRounds "7"]
[EventCountry "GER"]
[SourceTitle "EXT 2003"]
[Source "ChessBase"]
[SourceDate "2002.11.25"]
[SourceVersion "1"]
[SourceVersionDate "2002.11.25"]
[SourceQuality "1"]

1. e4 c5 2. Nc3 d6 3. g3 Nf6 4. Bg2 g6 5. f4 Bg7 6. Nf3 Nc6 7. d3 0-0 8. h3 e6 9. Be3 Qb6 10. Rb1 d5 11. Bd2 c4 12. g4 cxd3 13. cxd3 Nb4 14. Qe2 Nc2+ 15. Kf1 dxe4 16. dxe4 Bd7 17. e5 Nd5 18. Nxd5 exd5 19. Qf2 Qa6+ 20. Kg1 Qxa2 21. Kh2 Qb3 22. Nd4 Nxd4 23. Qxd4 Bc6 24. f5 Rfe8 25. f6 Bf8 26. Rhe1 Re6 27. Re3 Qb5 28. Qf4 Rd8 29. h4 d4 30. Rg3 Bxg2 31. Rxg2 Rxe5 32. Kg1 Re2 33. Rxe2 Qxe2 34. Re1 Qd3 35. Bc1 Rd6 36. Qxd6 1/2-1/2